000 00607nam a2200229Ia 4500
003 OSt
005 20220923230045.0
006 a|||||r|||| 00| 0
007 ta
008 Pun
024 _a277,052
037 _cTextual
040 _aARTS
_cARTS
_bPun
041 _2Pun
_aPun
082 _aO153,3N09,JM, L2
100 _aਸੀਤਲ, ਮੋਹਣ ਸਿੰਘ
245 0 _aਜਵਾਲਾਮੁਖੀ
260 _c1972
650 _aਪੰਜਾਬੀ ਸਾਹਿਤ
942 _hO153,3N09,JM, L2
_cTEXL
_2CC
999 _c382176
_d382176